01459nam a2200361 a 4500001001200000003000800012006001900020007001500039008004100054010001700095020001800112020002700130040002100157035002100178050002500199245012500224260005400349300003500403490003300438490004800471504005100519533015200570650001500722650002600737655002900763700002300792700002500815710001700840830004100857830005600898856012600954999001701080ebr10681188CaPaEBRm u cr cn|||||||||130410s2012 nyuad sb 001 0 eng d z 2012931078 z9781620810071 z9781620810118 (e-book) aCaPaEBRcCaPaEBR a(OCoLC)83338510414aRD771.S3bS36 2012eb00aScoliosish[electronic resource] :bcauses, symptoms and treatment /cAbsolon Bessette and Coralie M. Rousseau, editors. aNew York :bNova Science Publishers, Inc.,c2012. ax, 171 p. :bill. (some col.).1 aHuman anatomy and physiology1 aPhysiology-laboratory and clinical research aIncludes bibliographical references and index. aElectronic reproduction.bPalo Alto, Calif. :cebrary,d2013.nAvailable via World Wide Web.nAccess may be limited to ebrary affiliated libraries. 0aScoliosis. 0aScoliosisxTreatment. 7aElectronic books.2local1 aBessette, Absolon.1 aRousseau, Coralie M.2 aebrary, Inc. 0aHuman anatomy and physiology series. 0aPhysiology-laboratory and clinical research series.40uhttp://site.ebrary.com/lib/rucke/Doc?id=10681188zAn electronic book accessible through the World Wide Web; click to view c60412d60412